Pokémon - Les attaques de Akwakwak - Statistiques

Statistiques générales
  • Ce quiz a été pris 39 fois
  • Le résultat moyen est 8 sur 16
Statistiques - réponses
Niveaux Types Noms des attaques % Correct
Départ Psy Choc Mental
90%
Départ Eau Pistolet à O
90%
Départ Normal Griffe
85%
Niveau 40 Eau Hydrocanon
80%
Niveau 12 Eau Vibraqua
75%
Niveau 9 Normal Combo-Griffe
55%
Départ Normal Mimi-Queue
55%
Niveau 18 Psy Psykoud'Boul
55%
Niveau 24 Eau Hydro-Queue
50%
Départ Eau Aqua-Jet
35%
Niveau 36 Psy Amnésie
30%
Niveau 30 Normal Boost
30%
Niveau 27 Eau Détrempage
30%
Niveau 15 Normal Entrave
20%
Niveau 21 Normal Grincement
20%
Niveau 45 Psy Zone Étrange
5%
Aucun quiz correspondant
Distribution des résultats
% des personnes avec chaque résultat
Percentile par nombre de réponses
Votre historique - résultats
Vous n’avez pas pris ce quiz